| 000 | 01067 a2200217 4500 | ||
|---|---|---|---|
| 003 | Nust | ||
| 005 | 20230713120209.0 | ||
| 010 | _a 85017034 | ||
| 020 | _a0131390724 : | ||
| 040 | _cNust | ||
| 082 | 0 | 0 | _a519.4,HAM |
| 100 | 1 |
_aHamming, R. W. _9113600 |
|
| 245 | 1 | 0 |
_aCoding and information theory / _cRichard W. Hamming. |
| 250 | _a2nd ed. | ||
| 260 |
_aEnglewood Cliffs, NJ : _bPrentice-Hall, _cc1986. |
||
| 300 |
_axii, 259 p. : _bill. ; _c24 cm. |
||
| 505 | _aIntroduction (Page-1), Error-Detecting codes (Page-20), Error-correcting codes (Page-34), Variable-Length codes: Huffman codes (Page-51), Miscellaneous codes (Page-79), Entropy and Shannon's first theorem (Page-103), The channel and mutual information (Page-138), Channel capacity (Page-153), Some Mathematical Preliminaries (Page-164), Shannon's main theorem (Page-191), Algebraic coding theory (Page-209), Appendix A: Bandwidth and the sample theorem (Page-237), Appendix B (Page-250). | ||
| 650 | 0 |
_aCoding theory. _93106 |
|
| 650 | 0 |
_aInformation theory. _93107 |
|
| 942 |
_2ddc _cBK _k519.4,HAM |
||
| 999 |
_c178833 _d178833 |
||